| 000 | 00488nam a22001577a 4500 | ||
|---|---|---|---|
| 005 | 20260303144857.0 | ||
| 008 | 260303b |||||||| |||| 00| 0 eng d | ||
| 020 | _a978-9914-44-758-3 | ||
| 050 | _aLC 4600 .W34 2025 V10 | ||
| 100 | _aWAFULA, PAUL | ||
| 245 | _a OXFORD, ESSENTIAL COMMUNITY SERVICE LEARNING. GRADE 10 | ||
| 260 |
_aNAIROBI, _bOXFORD UNIVERSITY PRESS, _c2025 |
||
| 300 | _a180 P, ILL | ||
| 650 | _aCOMMUNITY SERVICES- STUDY AND TEACHING (SECONDARY) | ||
| 942 |
_2lcc _cBK |
||
| 999 |
_c216757 _d216757 |
||